LA LOGICA DEL SIGLO DE ORO : (Registro nro. 50010)
[ vista simple ]
| 000 -LEADER | |
|---|---|
| fixed length control field | 00715nam a2200193 a 4500 |
| 001 - CONTROL NUMBER | |
| control field | 50010 |
| 005 - DATE AND TIME OF LATEST TRANSACTION | |
| control field | 20180714034923.0 |
| 008 - FIXED-LENGTH DATA ELEMENTS--GENERAL INFORMATION | |
| fixed length control field | 140415s2002 sp 000 0 spa d |
| 020 ## - INTERNATIONAL STANDARD BOOK NUMBER | |
| International Standard Book Number | 8431320435 |
| 041 ## - LANGUAGE CODE | |
| Language code of text/sound track or separate title | spa |
| 082 ## - DEWEY DECIMAL CLASSIFICATION NUMBER | |
| Classification number | 160 |
| Item number | RED |
| 100 1# - MAIN ENTRY--PERSONAL NAME | |
| Personal name | REDMOND, WALTER |
| 245 13 - TITLE STATEMENT | |
| Title | LA LOGICA DEL SIGLO DE ORO : |
| Remainder of title | UNA INTRODUCCION HISTORICA A LA LOGICA |
| 250 ## - EDITION STATEMENT | |
| Edition statement | 1a ed. |
| 260 ## - PUBLICATION, DISTRIBUTION, ETC. | |
| Place of publication, distribution, etc. | ESPAÑA : |
| Name of publisher, distributor, etc. | EUNSA, |
| Date of publication, distribution, etc. | 2002 |
| 300 ## - PHYSICAL DESCRIPTION | |
| Extent | 720 |
| Dimensions | 17 x 1.6 x 23.9 |
| 520 ## - SUMMARY, ETC. | |
| Summary, etc. | LA LOGICA DLE SIGLO DE ORO ES UN INTRODUCCION A LA LÓGICA DE LOS SIGLOS XVI Y XVII, QUE SE OFRECE COMO UN INSTRUMENTO PARA LA RECUPERACIÓN DE LA FILOSOFÍA DE ESTE PERIODO. |
| 650 14 - SUBJECT ADDED ENTRY--TOPICAL TERM | |
| Topical term or geographic name entry element | LOGICA |
| General subdivision | LOGICA SIMBOLICA |
| -- | LOGICA |
| -- | HISTORIA |
| Withdrawn status | Lost status | Source of classification or shelving scheme | Damaged status | Not for loan | Collection code | Home library | Current library | Shelving location | Date acquired | Source of acquisition | Inventory number | Total Checkouts | Full call number | Barcode | Date last seen | Date last checked out | Price effective from | Koha item type |
|---|---|---|---|---|---|---|---|---|---|---|---|---|---|---|---|---|---|---|
| Dewey Decimal Classification | General | Biblioteca Karol Wojtyla | Biblioteca Karol Wojtyla | Sala general | 03/12/2013 | Compra | 151000000000000000063484 | 2 | 160 RED | 74704 | 05/01/2026 | 05/02/2025 | 03/12/2013 | Libro |